Guns,germs and steel:a short history of everybody for the last 13,000 years (Record no. 18303)

MARC details
000 -LEADER
fixed length control field 00977nam a2200325Ia 4500
003 - CONTROL NUMBER IDENTIFIER
control field OSt
005 - DATE AND TIME OF LATEST TRANSACTION
control field 20220912144905.0
008 - FIXED-LENGTH DATA ELEMENTS--GENERAL INFORMATION
fixed length control field 220909b |||||||| |||| 00| 0 eng d
020 ## - INTERNATIONAL STANDARD BOOK NUMBER
International Standard Book Number 9780099302780 (pbk)
037 ## - SOURCE OF ACQUISITION
Terms of availability Textual
040 ## - CATALOGING SOURCE
Original cataloging agency CSL
Language of cataloging eng
Transcribing agency CSL
041 ## - LANGUAGE CODE
Language code of text/sound track or separate title eng
100 ## - MAIN ENTRY--PERSONAL NAME
Personal name Diamond Jared
245 #0 - TITLE STATEMENT
Title Guns,germs and steel:a short history of everybody for the last 13,000 years
260 ## - PUBLICATION, DISTRIBUTION, ETC.
Place of publication, distribution, etc. London
Name of publisher, distributor, etc. Vintage Books
Date of publication, distribution, etc. 1997
300 ## - PHYSICAL DESCRIPTION
Extent 480p.
Dimensions cm.
500 ## - GENERAL NOTE
General note References 429-458p.; Index 461-480p.
650 ## - SUBJECT ADDED ENTRY--TOPICAL TERM
Topical term or geographic name entry element Culture diffusion
650 ## - SUBJECT ADDED ENTRY--TOPICAL TERM
Topical term or geographic name entry element Ethnology
650 ## - SUBJECT ADDED ENTRY--TOPICAL TERM
Topical term or geographic name entry element Human beings - effect of environment
650 ## - SUBJECT ADDED ENTRY--TOPICAL TERM
Topical term or geographic name entry element Social evolution
650 ## - SUBJECT ADDED ENTRY--TOPICAL TERM
Topical term or geographic name entry element General Science
942 ## - ADDED ENTRY ELEMENTS (KOHA)
Classification part A:(R), N7
Koha item type Textual
Source of classification or shelving scheme Colon Classification (CC)
Holdings
Withdrawn status Lost status Damaged status Not for loan Home library Current library Date acquired Source of acquisition Total Checkouts Full call number Barcode Date last seen Price effective from Koha item type
        Central Science Library Central Science Library 2022-09-12 537, 18/09/2009, Dhanraj Book House   A:(R) N7 SL1445127 2022-09-12 2022-09-12 Textual
Copyright @ Delhi University Library System